Monetary Economics (Record no. 10766)

MARC details
000 -LEADER
fixed length control field 00379nam a2200157Ia 4500
008 - FIXED-LENGTH DATA ELEMENTS--GENERAL INFORMATION
fixed length control field 191201s2011 xx 000 0 und d
082 ## - DEWEY DECIMAL CLASSIFICATION NUMBER
Classification number 330
Item number JHM
100 ## - MAIN ENTRY--PERSONAL NAME
Personal name JHINGAN, M.L.
245 #0 - TITLE STATEMENT
Title Monetary Economics
250 ## - EDITION STATEMENT
Edition statement 7th
260 ## - PUBLICATION, DISTRIBUTION, ETC. (IMPRINT)
Place of publication, distribution, etc New Delhi
Name of publisher, distributor, etc Vrinda Publications
Date of publication, distribution, etc 2019
300 ## - PHYSICAL DESCRIPTION
Extent 599
650 ## - SUBJECT ADDED ENTRY--TOPICAL TERM
Topical term or geographic name as entry element BA Economics
700 ## - ADDED ENTRY--PERSONAL NAME
Personal name JHINGAN, B.K.
942 ## - ADDED ENTRY ELEMENTS (KOHA)
Source of classification or shelving scheme Dewey Decimal Classification
Koha item type Text Books
942 ## - ADDED ENTRY ELEMENTS (KOHA)
-- 11
Holdings
Withdrawn status Lost status Source of classification or shelving scheme Damaged status Not for loan Collection code Home library Current library Date acquired Source of acquisition Currency Cost, normal purchase price Bill Number Total Checkouts Full call number Acc. no. / Barcode Date last seen Date last borrowed Actual Cost, discounted price Bill Date Koha item type
    Dewey Decimal Classification     B.A Economics PIET NCR College Library PIET NCR College Library 15/07/2021 Kirti Prakashan IN Rupees 395.00 IN2265 7 330 JHM N1295 30/09/2025 18/09/2025 296.25 15/07/2021 Text Books
    Dewey Decimal Classification     B.A Economics PIET NCR College Library PIET NCR College Library 15/07/2021 Kirti Prakashan IN Rupees 395.00 IN2265 5 330 JHM N1296 19/12/2023 04/12/2023 296.25 15/07/2021 Text Books
    Dewey Decimal Classification     B.A Economics PIET NCR College Library PIET NCR College Library 15/07/2021 Kirti Prakashan IN Rupees 395.00 IN2265   330 JHM N1297 03/08/2021   296.25 15/07/2021 Reference Books
    Dewey Decimal Classification     B.A Economics PIET NCR College Library PIET NCR College Library 15/07/2021 Kirti Prakashan IN Rupees 395.00 IN2265 7 330 JHM N1298 25/09/2023 11/09/2023 296.25 15/07/2021 Text Books
    Dewey Decimal Classification     B.A Economics PIET NCR College Library PIET NCR College Library 15/07/2021 Kirti Prakashan IN Rupees 395.00 IN2265 3 330 JHM N1299 21/12/2023 10/08/2023 296.25 15/07/2021 Text Books
    Dewey Decimal Classification     B.A Economics PIET NCR College Library PIET NCR College Library 15/07/2021 Kirti Prakashan IN Rupees 395.00 IN2265 3 330 JHM N1300 04/12/2023 23/11/2023 296.25 15/07/2021 Text Books

Design & Developed by: PIET Central Library
R70 Miles Stone Pattikalyana Samalkha Panipat 132102
mail ID :- [email protected], Phone No:- 0180-2569700 Ex.216